[Event "Ostrava op"]
[Site "Ostrava"]
[Date "1998.??.??"]
[Round "?"]
[White "Horakova, Dana"]
[Black "Dlabek, Emil"]
[Result "1/2-1/2"]
[WhiteElo "2120"]
[BlackElo "2035"]
[PlyCount "157"]
[EventDate "1998.??.??"]
[EventType "swiss"]
[EventRounds "10"]
[EventCountry "CZE"]
[SourceTitle "EXT 2006"]
[Source "ChessBase"]
[SourceDate "2005.11.24"]
[SourceVersion "1"]
[SourceVersionDate "2005.11.24"]
[SourceQuality "1"]

1. d4 d6 2. Nf3 Nf6 3. Bg5 c5 4. c3 Ne4 5. dxc5 Nxg5 6. Nxg5 e6 7. Nf3 dxc5 8. Qxd8+ Kxd8 9. Na3 Bd7 10. 0-0-0 Kc7 11. e4 a6 12. Ne5 Be8 13. f4 f6 14. Nf3 Bc6 15. Bd3 b5 16. Rhe1 Nd7 17. Nc2 Be7 18. Ne3 Nb6 19. f5 c4 20. Bc2 e5 21. g4 Rad8 22. Rxd8 Rxd8 23. g5 Nd7 24. Ng4 Nc5 25. gxf6 gxf6 26. Re2 h5 27. Nf2 Rg8 28. Kd1 Bf8 29. Ke1 Bh6 30. Kf1 Bc1 31. b4 Na4 32. Bxa4 bxa4 33. Nd2 a3 34. Nb1 Bb2 35. Nd1 Rg4 36. Nf2 Rf4 37. Ke1 Rh4 38. h3 Rf4 39. Kd2 Rf3 40. Ke1 Bxc3+ 41. Nxc3 Rxc3 42. h4 Rg3 43. Rc2 Bb5 44. Ke2 Rg2 45. Ke3 Rg3+ 46. Kd2 Rf3 47. Ke2 Rf4 48. Rc3 Rxh4 49. Rxa3 Kb6 50. Ke3 Bc6 51. Ra5 Bb5 52. Ra3 Rf4 53. Rc3 a5 54. a3 axb4 55. axb4 Ba6 56. Ra3 Bb7 57. Ra1 h4 58. Ra5 h3 59. Ra1 Rxf2 60. Kxf2 Bxe4 61. Kg3 Kb5 62. Re1 Bd3 63. Rh1 Bxf5 64. Rf1 Be4 65. Rxf6 Bg2 66. Rf5 c3 67. Rxe5+ Kxb4 68. Re8 c2 69. Rc8 Kb3 70. Rb8+ Ka2 71. Rc8 Kb1 72. Rb8+ Kc1 73. Re8 Bc6 74. Rc8 Bd7 75. Rc7 Kb2 76. Rb7+ Ka3 77. Rc7 Kb3 78. Rb7+ Ka3 79. Rc7 1/2-1/2

[Event "Ostrava op"]
[Site "Ostrava"]
[Date "1998.??.??"]
[Round "?"]
[White "Pavlan, J."]
[Black "Horakova, Dana"]
[Result "0-1"]
[WhiteElo "2015"]
[BlackElo "2120"]
[PlyCount "70"]
[EventDate "1998.??.??"]
[EventType "swiss"]
[EventRounds "10"]
[EventCountry "CZE"]
[SourceTitle "EXT 2006"]
[Source "ChessBase"]
[SourceDate "2005.11.24"]
[SourceVersion "1"]
[SourceVersionDate "2005.11.24"]
[SourceQuality "1"]

1. c4 c6 2. Nc3 Nf6 3. g3 d5 4. cxd5 cxd5 5. d4 Nc6 6. Nf3 e6 7. Bg2 Bd6 8. 0-0 0-0 9. h3 b6 10. Re1 Bb7 11. Bg5 h6 12. Bd2 Ne4 13. Bf4 Nxc3 14. bxc3 Bxf4 15. gxf4 Rc8 16. Qd3 Qf6 17. e3 Na5 18. Kh2 Nc4 19. Rg1 Kh8 20. Bf1 Rc7 21. Ne5 Nxe5 22. fxe5 Qxf2+ 23. Rg2 Qh4 24. Rg4 Qe7 25. Rc1 f5 26. exf6 Rxf6 27. Bg2 Rf5 28. c4 dxc4 29. Rxc4 Ba6 30. d5 Bxc4 31. Rxc4 Qd6+ 32. Kg1 Rxc4 33. Qxc4 exd5 34. Qd3 Rg5 35. e4 Qg3 0-1

[Event "Morava-ch (Women)"]
[Site "Prerov"]
[Date "1995.??.??"]
[Round "5"]
[White "Horakova, Dana"]
[Black "Ptacnikova, Lenka"]
[Result "0-1"]
[WhiteElo "2120"]
[BlackElo "2185"]
[PlyCount "58"]
[EventDate "1995.??.??"]
[EventType "swiss"]
[EventRounds "9"]
[EventCountry "CZE"]
[SourceTitle "EXT 1998"]
[Source "ChessBase"]
[SourceDate "1997.11.17"]
[SourceVersion "1"]
[SourceVersionDate "1997.11.17"]
[SourceQuality "1"]

1. d4 Nf6 2. Nf3 e6 3. Bg5 c5 4. c3 h6 5. Bxf6 Qxf6 6. e3 b6 7. Bd3 Bb7 8. Nbd2 Qd8 9. Be4 Bxe4 10. Nxe4 d5 11. Ned2 cxd4 12. cxd4 Bd6 13. Qa4+ Qd7 14. Qxd7+ Kxd7 15. Ke2 Nc6 16. Rhc1 Rac8 17. h3 Rc7 18. Ne1 Rhc8 19. Nd3 f6 20. Nb3 e5 21. a3 e4 22. Ne1 f5 23. g3 g5 24. Rc3 a5 25. Rac1 a4 26. Nd2 b5 27. b4 Nxd4+ 28. exd4 Rxc3 29. Ra1 f4 0-1

[Event "Morava-ch (Women)"]
[Site "Prerov"]
[Date "1995.??.??"]
[Round "1"]
[White "Kupcova, Klara"]
[Black "Horakova, Dana"]
[Result "1/2-1/2"]
[WhiteElo "1815"]
[BlackElo "2120"]
[PlyCount "116"]
[EventDate "1995.??.??"]
[EventType "swiss"]
[EventRounds "9"]
[EventCountry "CZE"]
[SourceTitle "EXT 1998"]
[Source "ChessBase"]
[SourceDate "1997.11.17"]
[SourceVersion "1"]
[SourceVersionDate "1997.11.17"]
[SourceQuality "1"]

1. Nf3 d5 2. b3 Nf6 3. Bb2 c6 4. e3 Bg4 5. Be2 e6 6. Ne5 Bxe2 7. Qxe2 Bd6 8. d3 0-0 9. Nd2 Nbd7 10. Nxd7 Nxd7 11. 0-0 Be5 12. Bxe5 Nxe5 13. d4 Ng6 14. Nf3 Re8 15. Rfd1 Qe7 16. Rac1 e5 17. c4 exd4 18. Rxd4 dxc4 19. Qxc4 Rad8 20. Rcd1 Rxd4 21. Qxd4 a6 22. Qd7 h6 23. Qxe7 Rxe7 24. Rd8+ Nf8 25. Kf1 Rd7 26. Rxd7 Nxd7 27. Ke2 Kf8 28. Kd3 Ke7 29. h3 Kd6 30. Kc3 a5 31. Nd2 b5 32. Ne4+ Kd5 33. f3 g6 34. Nf2 f5 35. Nd3 g5 36. Nf2 c5 37. g4 fxg4 38. e4+ Ke5 39. Nd3+ Kd6 40. hxg4 Kc6 41. a4 bxa4 42. bxa4 Nb6 43. Ne5+ Kc7 44. Kb3 Kc8 45. Nf7 c4+ 46. Kc3 Kd7 47. Ne5+ Ke6 48. Nxc4 Nxa4+ 49. Kd4 Kf6 50. Nxa5 Nb6 51. Nb7 Nd7 52. Nd6 Ne5 53. Ke3 Kg6 54. Nf5 h5 55. gxh5+ Kxh5 56. Ng7+ Kg6 57. Ne6 Kf6 58. Nxg5 Kxg5 1/2-1/2